<?xml version="1.0" encoding="UTF-8"?>
<record
    xmlns:xsi="http://www.w3.org/2001/XMLSchema-instance"
    xsi:schemaLocation="http://www.loc.gov/MARC21/slim http://www.loc.gov/standards/marcxml/schema/MARC21slim.xsd"
    xmlns="http://www.loc.gov/MARC21/slim">

  <leader>00352nam a2200145Ia 4500</leader>
  <controlfield tag="003">OSt</controlfield>
  <controlfield tag="005">20240614153404.0</controlfield>
  <controlfield tag="008">170523s9999    xx            000 0 und d</controlfield>
  <datafield tag="020" ind1=" " ind2=" ">
    <subfield code="a">978-0070402676</subfield>
  </datafield>
  <datafield tag="040" ind1=" " ind2=" ">
    <subfield code="c">IIMT ENGINEERING COLLEGE</subfield>
  </datafield>
  <datafield tag="100" ind1=" " ind2=" ">
    <subfield code="a">Davis- Gordon B.</subfield>
  </datafield>
  <datafield tag="245" ind1=" " ind2="0">
    <subfield code="a">Management Information Systems</subfield>
  </datafield>
  <datafield tag="260" ind1=" " ind2=" ">
    <subfield code="a">T.M.H.</subfield>
  </datafield>
  <datafield tag="942" ind1=" " ind2=" ">
    <subfield code="2">ddc</subfield>
    <subfield code="c">02</subfield>
  </datafield>
  <datafield tag="999" ind1=" " ind2=" ">
    <subfield code="c">12233</subfield>
    <subfield code="d">12233</subfield>
  </datafield>
  <datafield tag="952" ind1=" " ind2=" ">
    <subfield code="0">0</subfield>
    <subfield code="1">0</subfield>
    <subfield code="2">ddc</subfield>
    <subfield code="4">0</subfield>
    <subfield code="7">0</subfield>
    <subfield code="a">01</subfield>
    <subfield code="b">01</subfield>
    <subfield code="d">2017-05-31</subfield>
    <subfield code="p">01-B-119850</subfield>
    <subfield code="r">2017-05-31</subfield>
    <subfield code="u">INFORMATION SYSTEM</subfield>
    <subfield code="w">2017-05-31</subfield>
    <subfield code="y">02</subfield>
    <subfield code="z">nil</subfield>
  </datafield>
  <datafield tag="952" ind1=" " ind2=" ">
    <subfield code="0">0</subfield>
    <subfield code="1">0</subfield>
    <subfield code="2">ddc</subfield>
    <subfield code="4">0</subfield>
    <subfield code="7">0</subfield>
    <subfield code="a">14</subfield>
    <subfield code="b">14</subfield>
    <subfield code="d">2017-06-23</subfield>
    <subfield code="e">31</subfield>
    <subfield code="g">315.00</subfield>
    <subfield code="l">0</subfield>
    <subfield code="p">14-B-1858</subfield>
    <subfield code="r">2017-06-23</subfield>
    <subfield code="w">2017-06-23</subfield>
    <subfield code="y">01</subfield>
  </datafield>
  <datafield tag="952" ind1=" " ind2=" ">
    <subfield code="0">0</subfield>
    <subfield code="1">0</subfield>
    <subfield code="2">ddc</subfield>
    <subfield code="4">0</subfield>
    <subfield code="7">0</subfield>
    <subfield code="a">14</subfield>
    <subfield code="b">14</subfield>
    <subfield code="d">2017-06-23</subfield>
    <subfield code="e">31</subfield>
    <subfield code="g">315.00</subfield>
    <subfield code="l">0</subfield>
    <subfield code="p">14-B-1859</subfield>
    <subfield code="r">2017-06-23</subfield>
    <subfield code="w">2017-06-23</subfield>
    <subfield code="y">01</subfield>
  </datafield>
  <datafield tag="952" ind1=" " ind2=" ">
    <subfield code="0">0</subfield>
    <subfield code="1">0</subfield>
    <subfield code="2">ddc</subfield>
    <subfield code="4">0</subfield>
    <subfield code="7">0</subfield>
    <subfield code="a">14</subfield>
    <subfield code="b">14</subfield>
    <subfield code="d">2017-06-23</subfield>
    <subfield code="e">31</subfield>
    <subfield code="g">315.00</subfield>
    <subfield code="l">0</subfield>
    <subfield code="p">14-B-1860</subfield>
    <subfield code="r">2017-06-23</subfield>
    <subfield code="w">2017-06-23</subfield>
    <subfield code="y">01</subfield>
  </datafield>
  <datafield tag="952" ind1=" " ind2=" ">
    <subfield code="0">0</subfield>
    <subfield code="1">0</subfield>
    <subfield code="2">ddc</subfield>
    <subfield code="4">0</subfield>
    <subfield code="7">0</subfield>
    <subfield code="a">14</subfield>
    <subfield code="b">14</subfield>
    <subfield code="d">2017-06-23</subfield>
    <subfield code="e">31</subfield>
    <subfield code="g">315.00</subfield>
    <subfield code="l">0</subfield>
    <subfield code="p">14-B-1861</subfield>
    <subfield code="r">2017-06-23</subfield>
    <subfield code="w">2017-06-23</subfield>
    <subfield code="y">01</subfield>
  </datafield>
  <datafield tag="952" ind1=" " ind2=" ">
    <subfield code="0">0</subfield>
    <subfield code="1">0</subfield>
    <subfield code="2">ddc</subfield>
    <subfield code="4">0</subfield>
    <subfield code="7">0</subfield>
    <subfield code="a">14</subfield>
    <subfield code="b">14</subfield>
    <subfield code="d">2017-06-23</subfield>
    <subfield code="e">31</subfield>
    <subfield code="g">315.00</subfield>
    <subfield code="l">0</subfield>
    <subfield code="p">14-B-1862</subfield>
    <subfield code="r">2017-06-23</subfield>
    <subfield code="w">2017-06-23</subfield>
    <subfield code="y">01</subfield>
  </datafield>
  <datafield tag="952" ind1=" " ind2=" ">
    <subfield code="0">0</subfield>
    <subfield code="1">0</subfield>
    <subfield code="2">ddc</subfield>
    <subfield code="4">0</subfield>
    <subfield code="7">0</subfield>
    <subfield code="a">14</subfield>
    <subfield code="b">14</subfield>
    <subfield code="d">2017-06-23</subfield>
    <subfield code="e">31</subfield>
    <subfield code="g">315.00</subfield>
    <subfield code="l">0</subfield>
    <subfield code="p">14-B-1863</subfield>
    <subfield code="r">2017-06-23</subfield>
    <subfield code="w">2017-06-23</subfield>
    <subfield code="y">01</subfield>
  </datafield>
  <datafield tag="952" ind1=" " ind2=" ">
    <subfield code="0">0</subfield>
    <subfield code="1">0</subfield>
    <subfield code="2">ddc</subfield>
    <subfield code="4">0</subfield>
    <subfield code="7">0</subfield>
    <subfield code="a">14</subfield>
    <subfield code="b">14</subfield>
    <subfield code="d">2017-06-23</subfield>
    <subfield code="e">31</subfield>
    <subfield code="g">315.00</subfield>
    <subfield code="l">0</subfield>
    <subfield code="p">14-B-1864</subfield>
    <subfield code="r">2017-06-23</subfield>
    <subfield code="w">2017-06-23</subfield>
    <subfield code="y">01</subfield>
  </datafield>
  <datafield tag="952" ind1=" " ind2=" ">
    <subfield code="0">0</subfield>
    <subfield code="1">0</subfield>
    <subfield code="2">ddc</subfield>
    <subfield code="4">0</subfield>
    <subfield code="7">0</subfield>
    <subfield code="a">14</subfield>
    <subfield code="b">14</subfield>
    <subfield code="d">2017-06-23</subfield>
    <subfield code="e">31</subfield>
    <subfield code="g">315.00</subfield>
    <subfield code="l">0</subfield>
    <subfield code="p">14-B-1865</subfield>
    <subfield code="r">2017-06-23</subfield>
    <subfield code="w">2017-06-23</subfield>
    <subfield code="y">01</subfield>
  </datafield>
  <datafield tag="952" ind1=" " ind2=" ">
    <subfield code="0">0</subfield>
    <subfield code="1">0</subfield>
    <subfield code="2">ddc</subfield>
    <subfield code="4">0</subfield>
    <subfield code="7">0</subfield>
    <subfield code="a">14</subfield>
    <subfield code="b">14</subfield>
    <subfield code="d">2017-06-23</subfield>
    <subfield code="e">31</subfield>
    <subfield code="g">315.00</subfield>
    <subfield code="l">0</subfield>
    <subfield code="p">14-B-1866</subfield>
    <subfield code="r">2017-06-23</subfield>
    <subfield code="w">2017-06-23</subfield>
    <subfield code="y">01</subfield>
  </datafield>
  <datafield tag="952" ind1=" " ind2=" ">
    <subfield code="0">0</subfield>
    <subfield code="1">0</subfield>
    <subfield code="2">ddc</subfield>
    <subfield code="4">0</subfield>
    <subfield code="7">0</subfield>
    <subfield code="a">14</subfield>
    <subfield code="b">14</subfield>
    <subfield code="d">2017-06-23</subfield>
    <subfield code="e">31</subfield>
    <subfield code="g">315.00</subfield>
    <subfield code="l">0</subfield>
    <subfield code="p">14-B-1867</subfield>
    <subfield code="r">2017-06-23</subfield>
    <subfield code="w">2017-06-23</subfield>
    <subfield code="y">01</subfield>
  </datafield>
  <datafield tag="952" ind1=" " ind2=" ">
    <subfield code="0">0</subfield>
    <subfield code="1">0</subfield>
    <subfield code="2">ddc</subfield>
    <subfield code="4">0</subfield>
    <subfield code="7">0</subfield>
    <subfield code="a">14</subfield>
    <subfield code="b">14</subfield>
    <subfield code="d">2017-06-23</subfield>
    <subfield code="e">31</subfield>
    <subfield code="g">315.00</subfield>
    <subfield code="l">0</subfield>
    <subfield code="p">14-B-1868</subfield>
    <subfield code="r">2017-06-23</subfield>
    <subfield code="w">2017-06-23</subfield>
    <subfield code="y">01</subfield>
  </datafield>
  <datafield tag="952" ind1=" " ind2=" ">
    <subfield code="0">0</subfield>
    <subfield code="1">0</subfield>
    <subfield code="2">ddc</subfield>
    <subfield code="4">0</subfield>
    <subfield code="7">0</subfield>
    <subfield code="a">14</subfield>
    <subfield code="b">14</subfield>
    <subfield code="d">2017-06-23</subfield>
    <subfield code="e">31</subfield>
    <subfield code="g">315.00</subfield>
    <subfield code="l">0</subfield>
    <subfield code="p">14-B-1869</subfield>
    <subfield code="r">2017-06-23</subfield>
    <subfield code="w">2017-06-23</subfield>
    <subfield code="y">01</subfield>
  </datafield>
  <datafield tag="952" ind1=" " ind2=" ">
    <subfield code="0">0</subfield>
    <subfield code="1">0</subfield>
    <subfield code="2">ddc</subfield>
    <subfield code="4">0</subfield>
    <subfield code="7">0</subfield>
    <subfield code="a">14</subfield>
    <subfield code="b">14</subfield>
    <subfield code="d">2017-06-23</subfield>
    <subfield code="e">31</subfield>
    <subfield code="g">315.00</subfield>
    <subfield code="l">0</subfield>
    <subfield code="p">14-B-1870</subfield>
    <subfield code="r">2017-06-23</subfield>
    <subfield code="w">2017-06-23</subfield>
    <subfield code="y">01</subfield>
  </datafield>
  <datafield tag="952" ind1=" " ind2=" ">
    <subfield code="0">0</subfield>
    <subfield code="1">0</subfield>
    <subfield code="2">ddc</subfield>
    <subfield code="4">0</subfield>
    <subfield code="7">0</subfield>
    <subfield code="a">14</subfield>
    <subfield code="b">14</subfield>
    <subfield code="d">2017-06-23</subfield>
    <subfield code="e">31</subfield>
    <subfield code="g">315.00</subfield>
    <subfield code="l">0</subfield>
    <subfield code="p">14-B-1871</subfield>
    <subfield code="r">2017-06-23</subfield>
    <subfield code="w">2017-06-23</subfield>
    <subfield code="y">01</subfield>
  </datafield>
  <datafield tag="952" ind1=" " ind2=" ">
    <subfield code="0">0</subfield>
    <subfield code="1">0</subfield>
    <subfield code="2">ddc</subfield>
    <subfield code="4">0</subfield>
    <subfield code="7">0</subfield>
    <subfield code="a">14</subfield>
    <subfield code="b">14</subfield>
    <subfield code="d">2017-06-23</subfield>
    <subfield code="e">31</subfield>
    <subfield code="g">315.00</subfield>
    <subfield code="l">0</subfield>
    <subfield code="p">14-B-1872</subfield>
    <subfield code="r">2017-06-23</subfield>
    <subfield code="w">2017-06-23</subfield>
    <subfield code="y">01</subfield>
  </datafield>
  <datafield tag="952" ind1=" " ind2=" ">
    <subfield code="0">0</subfield>
    <subfield code="1">0</subfield>
    <subfield code="2">ddc</subfield>
    <subfield code="4">0</subfield>
    <subfield code="7">0</subfield>
    <subfield code="a">14</subfield>
    <subfield code="b">14</subfield>
    <subfield code="d">2017-06-23</subfield>
    <subfield code="e">31</subfield>
    <subfield code="g">315.00</subfield>
    <subfield code="l">0</subfield>
    <subfield code="p">14-B-1873</subfield>
    <subfield code="r">2017-06-23</subfield>
    <subfield code="w">2017-06-23</subfield>
    <subfield code="y">01</subfield>
  </datafield>
  <datafield tag="952" ind1=" " ind2=" ">
    <subfield code="0">0</subfield>
    <subfield code="1">0</subfield>
    <subfield code="2">ddc</subfield>
    <subfield code="4">0</subfield>
    <subfield code="7">0</subfield>
    <subfield code="a">14</subfield>
    <subfield code="b">14</subfield>
    <subfield code="d">2017-06-23</subfield>
    <subfield code="e">31</subfield>
    <subfield code="g">315.00</subfield>
    <subfield code="l">0</subfield>
    <subfield code="p">14-B-1874</subfield>
    <subfield code="r">2017-06-23</subfield>
    <subfield code="w">2017-06-23</subfield>
    <subfield code="y">01</subfield>
  </datafield>
  <datafield tag="952" ind1=" " ind2=" ">
    <subfield code="0">0</subfield>
    <subfield code="1">0</subfield>
    <subfield code="2">ddc</subfield>
    <subfield code="4">0</subfield>
    <subfield code="7">0</subfield>
    <subfield code="a">14</subfield>
    <subfield code="b">14</subfield>
    <subfield code="d">2017-06-23</subfield>
    <subfield code="e">31</subfield>
    <subfield code="g">315.00</subfield>
    <subfield code="l">0</subfield>
    <subfield code="p">14-B-1875</subfield>
    <subfield code="r">2017-06-23</subfield>
    <subfield code="w">2017-06-23</subfield>
    <subfield code="y">01</subfield>
  </datafield>
  <datafield tag="952" ind1=" " ind2=" ">
    <subfield code="0">0</subfield>
    <subfield code="1">0</subfield>
    <subfield code="2">ddc</subfield>
    <subfield code="4">0</subfield>
    <subfield code="7">0</subfield>
    <subfield code="a">14</subfield>
    <subfield code="b">14</subfield>
    <subfield code="d">2017-06-23</subfield>
    <subfield code="e">31</subfield>
    <subfield code="g">315.00</subfield>
    <subfield code="l">0</subfield>
    <subfield code="p">14-B-1876</subfield>
    <subfield code="r">2017-06-23</subfield>
    <subfield code="w">2017-06-23</subfield>
    <subfield code="y">01</subfield>
  </datafield>
  <datafield tag="952" ind1=" " ind2=" ">
    <subfield code="0">0</subfield>
    <subfield code="1">0</subfield>
    <subfield code="2">ddc</subfield>
    <subfield code="4">0</subfield>
    <subfield code="7">0</subfield>
    <subfield code="a">14</subfield>
    <subfield code="b">14</subfield>
    <subfield code="d">2017-06-23</subfield>
    <subfield code="e">31</subfield>
    <subfield code="g">315.00</subfield>
    <subfield code="l">0</subfield>
    <subfield code="p">14-B-1877</subfield>
    <subfield code="r">2017-06-23</subfield>
    <subfield code="w">2017-06-23</subfield>
    <subfield code="y">01</subfield>
  </datafield>
  <datafield tag="952" ind1=" " ind2=" ">
    <subfield code="0">0</subfield>
    <subfield code="1">0</subfield>
    <subfield code="2">ddc</subfield>
    <subfield code="4">0</subfield>
    <subfield code="7">0</subfield>
    <subfield code="a">14</subfield>
    <subfield code="b">14</subfield>
    <subfield code="d">2017-06-23</subfield>
    <subfield code="e">31</subfield>
    <subfield code="g">315.00</subfield>
    <subfield code="l">0</subfield>
    <subfield code="p">14-B-1878</subfield>
    <subfield code="r">2017-06-23</subfield>
    <subfield code="w">2017-06-23</subfield>
    <subfield code="y">01</subfield>
  </datafield>
  <datafield tag="952" ind1=" " ind2=" ">
    <subfield code="0">0</subfield>
    <subfield code="1">0</subfield>
    <subfield code="2">ddc</subfield>
    <subfield code="4">0</subfield>
    <subfield code="7">0</subfield>
    <subfield code="a">14</subfield>
    <subfield code="b">14</subfield>
    <subfield code="d">2017-06-23</subfield>
    <subfield code="e">31</subfield>
    <subfield code="g">315.00</subfield>
    <subfield code="l">0</subfield>
    <subfield code="p">14-B-1879</subfield>
    <subfield code="r">2017-06-23</subfield>
    <subfield code="w">2017-06-23</subfield>
    <subfield code="y">01</subfield>
  </datafield>
  <datafield tag="952" ind1=" " ind2=" ">
    <subfield code="0">0</subfield>
    <subfield code="1">0</subfield>
    <subfield code="2">ddc</subfield>
    <subfield code="4">0</subfield>
    <subfield code="7">0</subfield>
    <subfield code="a">14</subfield>
    <subfield code="b">14</subfield>
    <subfield code="d">2017-06-23</subfield>
    <subfield code="e">31</subfield>
    <subfield code="g">315.00</subfield>
    <subfield code="l">0</subfield>
    <subfield code="p">14-B-1880</subfield>
    <subfield code="r">2017-06-23</subfield>
    <subfield code="w">2017-06-23</subfield>
    <subfield code="y">01</subfield>
  </datafield>
  <datafield tag="952" ind1=" " ind2=" ">
    <subfield code="0">0</subfield>
    <subfield code="1">0</subfield>
    <subfield code="2">ddc</subfield>
    <subfield code="4">0</subfield>
    <subfield code="7">0</subfield>
    <subfield code="a">14</subfield>
    <subfield code="b">14</subfield>
    <subfield code="d">2017-06-23</subfield>
    <subfield code="e">31</subfield>
    <subfield code="g">315.00</subfield>
    <subfield code="l">0</subfield>
    <subfield code="p">14-B-1881</subfield>
    <subfield code="r">2017-06-23</subfield>
    <subfield code="w">2017-06-23</subfield>
    <subfield code="y">01</subfield>
  </datafield>
  <datafield tag="952" ind1=" " ind2=" ">
    <subfield code="0">0</subfield>
    <subfield code="1">0</subfield>
    <subfield code="2">ddc</subfield>
    <subfield code="4">0</subfield>
    <subfield code="7">0</subfield>
    <subfield code="a">14</subfield>
    <subfield code="b">14</subfield>
    <subfield code="d">2017-06-23</subfield>
    <subfield code="e">31</subfield>
    <subfield code="g">315.00</subfield>
    <subfield code="l">0</subfield>
    <subfield code="p">14-B-1882</subfield>
    <subfield code="r">2017-06-23</subfield>
    <subfield code="w">2017-06-23</subfield>
    <subfield code="y">01</subfield>
  </datafield>
  <datafield tag="952" ind1=" " ind2=" ">
    <subfield code="0">0</subfield>
    <subfield code="1">0</subfield>
    <subfield code="2">ddc</subfield>
    <subfield code="4">0</subfield>
    <subfield code="7">0</subfield>
    <subfield code="a">14</subfield>
    <subfield code="b">14</subfield>
    <subfield code="d">2017-06-23</subfield>
    <subfield code="e">31</subfield>
    <subfield code="g">315.00</subfield>
    <subfield code="l">0</subfield>
    <subfield code="p">14-B-1883</subfield>
    <subfield code="r">2017-06-23</subfield>
    <subfield code="w">2017-06-23</subfield>
    <subfield code="y">01</subfield>
  </datafield>
  <datafield tag="952" ind1=" " ind2=" ">
    <subfield code="0">0</subfield>
    <subfield code="1">0</subfield>
    <subfield code="2">ddc</subfield>
    <subfield code="4">0</subfield>
    <subfield code="7">0</subfield>
    <subfield code="a">14</subfield>
    <subfield code="b">14</subfield>
    <subfield code="d">2017-06-23</subfield>
    <subfield code="e">31</subfield>
    <subfield code="g">315.00</subfield>
    <subfield code="l">0</subfield>
    <subfield code="p">14-B-1884</subfield>
    <subfield code="r">2017-06-23</subfield>
    <subfield code="w">2017-06-23</subfield>
    <subfield code="y">01</subfield>
  </datafield>
  <datafield tag="952" ind1=" " ind2=" ">
    <subfield code="0">0</subfield>
    <subfield code="1">0</subfield>
    <subfield code="2">ddc</subfield>
    <subfield code="4">0</subfield>
    <subfield code="7">0</subfield>
    <subfield code="a">14</subfield>
    <subfield code="b">14</subfield>
    <subfield code="d">2017-06-23</subfield>
    <subfield code="e">31</subfield>
    <subfield code="g">315.00</subfield>
    <subfield code="l">0</subfield>
    <subfield code="p">14-B-1885</subfield>
    <subfield code="r">2017-06-23</subfield>
    <subfield code="w">2017-06-23</subfield>
    <subfield code="y">01</subfield>
  </datafield>
  <datafield tag="952" ind1=" " ind2=" ">
    <subfield code="0">0</subfield>
    <subfield code="1">0</subfield>
    <subfield code="2">ddc</subfield>
    <subfield code="4">0</subfield>
    <subfield code="7">0</subfield>
    <subfield code="a">14</subfield>
    <subfield code="b">14</subfield>
    <subfield code="d">2017-06-23</subfield>
    <subfield code="e">31</subfield>
    <subfield code="g">315.00</subfield>
    <subfield code="l">0</subfield>
    <subfield code="p">14-B-1886</subfield>
    <subfield code="r">2017-06-23</subfield>
    <subfield code="w">2017-06-23</subfield>
    <subfield code="y">01</subfield>
  </datafield>
  <datafield tag="952" ind1=" " ind2=" ">
    <subfield code="0">0</subfield>
    <subfield code="1">0</subfield>
    <subfield code="2">ddc</subfield>
    <subfield code="4">0</subfield>
    <subfield code="7">0</subfield>
    <subfield code="a">14</subfield>
    <subfield code="b">14</subfield>
    <subfield code="d">2017-06-23</subfield>
    <subfield code="e">31</subfield>
    <subfield code="g">315.00</subfield>
    <subfield code="l">0</subfield>
    <subfield code="p">14-B-1887</subfield>
    <subfield code="r">2017-06-23</subfield>
    <subfield code="w">2017-06-23</subfield>
    <subfield code="y">01</subfield>
  </datafield>
  <datafield tag="952" ind1=" " ind2=" ">
    <subfield code="0">0</subfield>
    <subfield code="1">0</subfield>
    <subfield code="2">ddc</subfield>
    <subfield code="4">0</subfield>
    <subfield code="7">0</subfield>
    <subfield code="a">14</subfield>
    <subfield code="b">14</subfield>
    <subfield code="d">2017-06-23</subfield>
    <subfield code="e">31</subfield>
    <subfield code="g">315.00</subfield>
    <subfield code="l">0</subfield>
    <subfield code="p">14-B-1888</subfield>
    <subfield code="r">2017-06-23</subfield>
    <subfield code="w">2017-06-23</subfield>
    <subfield code="y">01</subfield>
  </datafield>
  <datafield tag="952" ind1=" " ind2=" ">
    <subfield code="0">0</subfield>
    <subfield code="1">0</subfield>
    <subfield code="2">ddc</subfield>
    <subfield code="4">0</subfield>
    <subfield code="7">0</subfield>
    <subfield code="a">14</subfield>
    <subfield code="b">14</subfield>
    <subfield code="d">2017-06-23</subfield>
    <subfield code="e">31</subfield>
    <subfield code="g">315.00</subfield>
    <subfield code="l">0</subfield>
    <subfield code="p">14-B-1889</subfield>
    <subfield code="r">2017-06-23</subfield>
    <subfield code="w">2017-06-23</subfield>
    <subfield code="y">01</subfield>
  </datafield>
  <datafield tag="952" ind1=" " ind2=" ">
    <subfield code="0">0</subfield>
    <subfield code="1">0</subfield>
    <subfield code="2">ddc</subfield>
    <subfield code="4">0</subfield>
    <subfield code="7">0</subfield>
    <subfield code="a">14</subfield>
    <subfield code="b">14</subfield>
    <subfield code="d">2017-06-23</subfield>
    <subfield code="e">31</subfield>
    <subfield code="g">315.00</subfield>
    <subfield code="l">0</subfield>
    <subfield code="p">14-B-1890</subfield>
    <subfield code="r">2017-06-23</subfield>
    <subfield code="w">2017-06-23</subfield>
    <subfield code="y">01</subfield>
  </datafield>
  <datafield tag="952" ind1=" " ind2=" ">
    <subfield code="0">0</subfield>
    <subfield code="1">0</subfield>
    <subfield code="2">ddc</subfield>
    <subfield code="4">0</subfield>
    <subfield code="7">0</subfield>
    <subfield code="a">14</subfield>
    <subfield code="b">14</subfield>
    <subfield code="d">2017-06-23</subfield>
    <subfield code="e">31</subfield>
    <subfield code="g">315.00</subfield>
    <subfield code="l">0</subfield>
    <subfield code="p">14-B-1891</subfield>
    <subfield code="r">2017-06-23</subfield>
    <subfield code="w">2017-06-23</subfield>
    <subfield code="y">01</subfield>
  </datafield>
  <datafield tag="952" ind1=" " ind2=" ">
    <subfield code="0">0</subfield>
    <subfield code="1">0</subfield>
    <subfield code="2">ddc</subfield>
    <subfield code="4">0</subfield>
    <subfield code="7">0</subfield>
    <subfield code="a">14</subfield>
    <subfield code="b">14</subfield>
    <subfield code="d">2017-06-23</subfield>
    <subfield code="e">31</subfield>
    <subfield code="g">315.00</subfield>
    <subfield code="l">0</subfield>
    <subfield code="p">14-B-1892</subfield>
    <subfield code="r">2017-06-23</subfield>
    <subfield code="w">2017-06-23</subfield>
    <subfield code="y">01</subfield>
  </datafield>
  <datafield tag="952" ind1=" " ind2=" ">
    <subfield code="0">0</subfield>
    <subfield code="1">0</subfield>
    <subfield code="2">ddc</subfield>
    <subfield code="4">0</subfield>
    <subfield code="7">0</subfield>
    <subfield code="a">14</subfield>
    <subfield code="b">14</subfield>
    <subfield code="d">2017-06-23</subfield>
    <subfield code="e">31</subfield>
    <subfield code="g">315.00</subfield>
    <subfield code="l">0</subfield>
    <subfield code="p">14-B-1893</subfield>
    <subfield code="r">2017-06-23</subfield>
    <subfield code="w">2017-06-23</subfield>
    <subfield code="y">01</subfield>
  </datafield>
  <datafield tag="952" ind1=" " ind2=" ">
    <subfield code="0">0</subfield>
    <subfield code="1">0</subfield>
    <subfield code="2">ddc</subfield>
    <subfield code="4">0</subfield>
    <subfield code="7">0</subfield>
    <subfield code="a">14</subfield>
    <subfield code="b">14</subfield>
    <subfield code="d">2017-06-23</subfield>
    <subfield code="e">31</subfield>
    <subfield code="g">315.00</subfield>
    <subfield code="l">0</subfield>
    <subfield code="p">14-B-1894</subfield>
    <subfield code="r">2017-06-23</subfield>
    <subfield code="w">2017-06-23</subfield>
    <subfield code="y">01</subfield>
  </datafield>
  <datafield tag="952" ind1=" " ind2=" ">
    <subfield code="0">0</subfield>
    <subfield code="1">0</subfield>
    <subfield code="2">ddc</subfield>
    <subfield code="4">0</subfield>
    <subfield code="7">0</subfield>
    <subfield code="a">14</subfield>
    <subfield code="b">14</subfield>
    <subfield code="d">2017-06-23</subfield>
    <subfield code="e">31</subfield>
    <subfield code="g">315.00</subfield>
    <subfield code="l">0</subfield>
    <subfield code="p">14-B-1895</subfield>
    <subfield code="r">2017-06-23</subfield>
    <subfield code="w">2017-06-23</subfield>
    <subfield code="y">01</subfield>
  </datafield>
  <datafield tag="952" ind1=" " ind2=" ">
    <subfield code="0">0</subfield>
    <subfield code="1">0</subfield>
    <subfield code="2">ddc</subfield>
    <subfield code="4">0</subfield>
    <subfield code="7">0</subfield>
    <subfield code="a">14</subfield>
    <subfield code="b">14</subfield>
    <subfield code="d">2017-06-23</subfield>
    <subfield code="e">31</subfield>
    <subfield code="g">315.00</subfield>
    <subfield code="l">0</subfield>
    <subfield code="p">14-B-1896</subfield>
    <subfield code="r">2017-06-23</subfield>
    <subfield code="w">2017-06-23</subfield>
    <subfield code="y">01</subfield>
  </datafield>
  <datafield tag="952" ind1=" " ind2=" ">
    <subfield code="0">0</subfield>
    <subfield code="1">0</subfield>
    <subfield code="2">ddc</subfield>
    <subfield code="4">0</subfield>
    <subfield code="7">0</subfield>
    <subfield code="a">14</subfield>
    <subfield code="b">14</subfield>
    <subfield code="d">2017-06-23</subfield>
    <subfield code="e">31</subfield>
    <subfield code="g">315.00</subfield>
    <subfield code="l">0</subfield>
    <subfield code="p">14-B-1897</subfield>
    <subfield code="r">2017-06-23</subfield>
    <subfield code="w">2017-06-23</subfield>
    <subfield code="y">01</subfield>
  </datafield>
  <datafield tag="952" ind1=" " ind2=" ">
    <subfield code="0">0</subfield>
    <subfield code="1">0</subfield>
    <subfield code="2">ddc</subfield>
    <subfield code="4">0</subfield>
    <subfield code="7">0</subfield>
    <subfield code="a">14</subfield>
    <subfield code="b">14</subfield>
    <subfield code="d">2017-06-23</subfield>
    <subfield code="e">31</subfield>
    <subfield code="g">315.00</subfield>
    <subfield code="l">0</subfield>
    <subfield code="p">14-B-1898</subfield>
    <subfield code="r">2017-06-23</subfield>
    <subfield code="w">2017-06-23</subfield>
    <subfield code="y">01</subfield>
  </datafield>
  <datafield tag="952" ind1=" " ind2=" ">
    <subfield code="0">0</subfield>
    <subfield code="1">0</subfield>
    <subfield code="2">ddc</subfield>
    <subfield code="4">0</subfield>
    <subfield code="7">0</subfield>
    <subfield code="a">14</subfield>
    <subfield code="b">14</subfield>
    <subfield code="d">2017-06-23</subfield>
    <subfield code="e">31</subfield>
    <subfield code="g">315.00</subfield>
    <subfield code="l">0</subfield>
    <subfield code="p">14-B-1899</subfield>
    <subfield code="r">2017-06-23</subfield>
    <subfield code="w">2017-06-23</subfield>
    <subfield code="y">01</subfield>
  </datafield>
  <datafield tag="952" ind1=" " ind2=" ">
    <subfield code="0">0</subfield>
    <subfield code="1">0</subfield>
    <subfield code="2">ddc</subfield>
    <subfield code="4">0</subfield>
    <subfield code="7">0</subfield>
    <subfield code="a">14</subfield>
    <subfield code="b">14</subfield>
    <subfield code="d">2017-06-23</subfield>
    <subfield code="e">31</subfield>
    <subfield code="g">315.00</subfield>
    <subfield code="l">0</subfield>
    <subfield code="p">14-B-1900</subfield>
    <subfield code="r">2017-06-23</subfield>
    <subfield code="w">2017-06-23</subfield>
    <subfield code="y">01</subfield>
  </datafield>
  <datafield tag="952" ind1=" " ind2=" ">
    <subfield code="0">0</subfield>
    <subfield code="1">0</subfield>
    <subfield code="2">ddc</subfield>
    <subfield code="4">0</subfield>
    <subfield code="7">0</subfield>
    <subfield code="a">14</subfield>
    <subfield code="b">14</subfield>
    <subfield code="d">2017-06-23</subfield>
    <subfield code="e">31</subfield>
    <subfield code="g">315.00</subfield>
    <subfield code="l">0</subfield>
    <subfield code="p">14-B-1901</subfield>
    <subfield code="r">2017-06-23</subfield>
    <subfield code="w">2017-06-23</subfield>
    <subfield code="y">01</subfield>
  </datafield>
  <datafield tag="952" ind1=" " ind2=" ">
    <subfield code="0">0</subfield>
    <subfield code="1">0</subfield>
    <subfield code="2">ddc</subfield>
    <subfield code="4">0</subfield>
    <subfield code="7">0</subfield>
    <subfield code="a">14</subfield>
    <subfield code="b">14</subfield>
    <subfield code="d">2017-06-23</subfield>
    <subfield code="e">31</subfield>
    <subfield code="g">315.00</subfield>
    <subfield code="l">0</subfield>
    <subfield code="p">14-B-1902</subfield>
    <subfield code="r">2017-06-23</subfield>
    <subfield code="w">2017-06-23</subfield>
    <subfield code="y">01</subfield>
  </datafield>
  <datafield tag="952" ind1=" " ind2=" ">
    <subfield code="0">0</subfield>
    <subfield code="1">0</subfield>
    <subfield code="2">ddc</subfield>
    <subfield code="4">0</subfield>
    <subfield code="7">0</subfield>
    <subfield code="a">14</subfield>
    <subfield code="b">14</subfield>
    <subfield code="d">2017-06-23</subfield>
    <subfield code="e">31</subfield>
    <subfield code="g">315.00</subfield>
    <subfield code="l">0</subfield>
    <subfield code="p">14-B-1903</subfield>
    <subfield code="r">2017-06-23</subfield>
    <subfield code="w">2017-06-23</subfield>
    <subfield code="y">01</subfield>
  </datafield>
  <datafield tag="952" ind1=" " ind2=" ">
    <subfield code="0">0</subfield>
    <subfield code="1">0</subfield>
    <subfield code="2">ddc</subfield>
    <subfield code="4">0</subfield>
    <subfield code="7">0</subfield>
    <subfield code="a">14</subfield>
    <subfield code="b">14</subfield>
    <subfield code="d">2017-06-23</subfield>
    <subfield code="e">31</subfield>
    <subfield code="g">315.00</subfield>
    <subfield code="l">0</subfield>
    <subfield code="p">14-B-1904</subfield>
    <subfield code="r">2017-06-23</subfield>
    <subfield code="w">2017-06-23</subfield>
    <subfield code="y">01</subfield>
  </datafield>
  <datafield tag="952" ind1=" " ind2=" ">
    <subfield code="0">0</subfield>
    <subfield code="1">0</subfield>
    <subfield code="2">ddc</subfield>
    <subfield code="4">0</subfield>
    <subfield code="7">0</subfield>
    <subfield code="a">14</subfield>
    <subfield code="b">14</subfield>
    <subfield code="d">2017-06-23</subfield>
    <subfield code="e">31</subfield>
    <subfield code="g">315.00</subfield>
    <subfield code="l">0</subfield>
    <subfield code="p">14-B-1905</subfield>
    <subfield code="r">2017-06-23</subfield>
    <subfield code="w">2017-06-23</subfield>
    <subfield code="y">01</subfield>
  </datafield>
  <datafield tag="952" ind1=" " ind2=" ">
    <subfield code="0">0</subfield>
    <subfield code="1">0</subfield>
    <subfield code="2">ddc</subfield>
    <subfield code="4">0</subfield>
    <subfield code="7">0</subfield>
    <subfield code="a">14</subfield>
    <subfield code="b">14</subfield>
    <subfield code="d">2017-06-23</subfield>
    <subfield code="e">31</subfield>
    <subfield code="g">315.00</subfield>
    <subfield code="l">0</subfield>
    <subfield code="p">14-B-1906</subfield>
    <subfield code="r">2017-06-23</subfield>
    <subfield code="w">2017-06-23</subfield>
    <subfield code="y">01</subfield>
  </datafield>
  <datafield tag="952" ind1=" " ind2=" ">
    <subfield code="0">0</subfield>
    <subfield code="1">0</subfield>
    <subfield code="2">ddc</subfield>
    <subfield code="4">0</subfield>
    <subfield code="7">0</subfield>
    <subfield code="a">14</subfield>
    <subfield code="b">14</subfield>
    <subfield code="d">2017-06-23</subfield>
    <subfield code="e">31</subfield>
    <subfield code="g">315.00</subfield>
    <subfield code="l">0</subfield>
    <subfield code="p">14-B-1907</subfield>
    <subfield code="r">2017-06-23</subfield>
    <subfield code="w">2017-06-23</subfield>
    <subfield code="y">01</subfield>
  </datafield>
  <datafield tag="952" ind1=" " ind2=" ">
    <subfield code="0">0</subfield>
    <subfield code="1">0</subfield>
    <subfield code="2">ddc</subfield>
    <subfield code="4">0</subfield>
    <subfield code="7">0</subfield>
    <subfield code="a">14</subfield>
    <subfield code="b">14</subfield>
    <subfield code="d">2017-06-23</subfield>
    <subfield code="e">31</subfield>
    <subfield code="g">315.00</subfield>
    <subfield code="l">0</subfield>
    <subfield code="p">14-B-1908</subfield>
    <subfield code="r">2017-06-23</subfield>
    <subfield code="w">2017-06-23</subfield>
    <subfield code="y">01</subfield>
  </datafield>
  <datafield tag="952" ind1=" " ind2=" ">
    <subfield code="0">0</subfield>
    <subfield code="1">0</subfield>
    <subfield code="2">ddc</subfield>
    <subfield code="4">0</subfield>
    <subfield code="7">0</subfield>
    <subfield code="a">14</subfield>
    <subfield code="b">14</subfield>
    <subfield code="d">2017-06-23</subfield>
    <subfield code="e">31</subfield>
    <subfield code="g">315.00</subfield>
    <subfield code="l">0</subfield>
    <subfield code="p">14-B-1909</subfield>
    <subfield code="r">2017-06-23</subfield>
    <subfield code="w">2017-06-23</subfield>
    <subfield code="y">01</subfield>
  </datafield>
  <datafield tag="952" ind1=" " ind2=" ">
    <subfield code="0">0</subfield>
    <subfield code="1">0</subfield>
    <subfield code="2">ddc</subfield>
    <subfield code="4">0</subfield>
    <subfield code="7">0</subfield>
    <subfield code="a">14</subfield>
    <subfield code="b">14</subfield>
    <subfield code="d">2017-06-23</subfield>
    <subfield code="e">31</subfield>
    <subfield code="g">315.00</subfield>
    <subfield code="l">0</subfield>
    <subfield code="p">14-B-1910</subfield>
    <subfield code="r">2017-06-23</subfield>
    <subfield code="w">2017-06-23</subfield>
    <subfield code="y">01</subfield>
  </datafield>
  <datafield tag="952" ind1=" " ind2=" ">
    <subfield code="0">0</subfield>
    <subfield code="1">0</subfield>
    <subfield code="2">ddc</subfield>
    <subfield code="4">0</subfield>
    <subfield code="7">0</subfield>
    <subfield code="a">14</subfield>
    <subfield code="b">14</subfield>
    <subfield code="d">2017-06-23</subfield>
    <subfield code="e">31</subfield>
    <subfield code="g">315.00</subfield>
    <subfield code="l">0</subfield>
    <subfield code="p">14-B-1911</subfield>
    <subfield code="r">2017-06-23</subfield>
    <subfield code="w">2017-06-23</subfield>
    <subfield code="y">01</subfield>
  </datafield>
  <datafield tag="952" ind1=" " ind2=" ">
    <subfield code="0">0</subfield>
    <subfield code="1">0</subfield>
    <subfield code="2">ddc</subfield>
    <subfield code="4">0</subfield>
    <subfield code="7">0</subfield>
    <subfield code="a">14</subfield>
    <subfield code="b">14</subfield>
    <subfield code="d">2017-06-23</subfield>
    <subfield code="e">31</subfield>
    <subfield code="g">315.00</subfield>
    <subfield code="l">0</subfield>
    <subfield code="p">14-B-1912</subfield>
    <subfield code="r">2017-06-23</subfield>
    <subfield code="w">2017-06-23</subfield>
    <subfield code="y">01</subfield>
  </datafield>
  <datafield tag="952" ind1=" " ind2=" ">
    <subfield code="0">0</subfield>
    <subfield code="1">0</subfield>
    <subfield code="2">ddc</subfield>
    <subfield code="4">0</subfield>
    <subfield code="7">0</subfield>
    <subfield code="a">14</subfield>
    <subfield code="b">14</subfield>
    <subfield code="d">2017-06-23</subfield>
    <subfield code="e">31</subfield>
    <subfield code="g">315.00</subfield>
    <subfield code="l">0</subfield>
    <subfield code="p">14-B-1913</subfield>
    <subfield code="r">2017-06-23</subfield>
    <subfield code="w">2017-06-23</subfield>
    <subfield code="y">01</subfield>
  </datafield>
  <datafield tag="952" ind1=" " ind2=" ">
    <subfield code="0">0</subfield>
    <subfield code="1">0</subfield>
    <subfield code="2">ddc</subfield>
    <subfield code="4">0</subfield>
    <subfield code="7">0</subfield>
    <subfield code="a">14</subfield>
    <subfield code="b">14</subfield>
    <subfield code="d">2017-06-23</subfield>
    <subfield code="e">31</subfield>
    <subfield code="g">315.00</subfield>
    <subfield code="l">0</subfield>
    <subfield code="p">14-B-1914</subfield>
    <subfield code="r">2017-06-23</subfield>
    <subfield code="w">2017-06-23</subfield>
    <subfield code="y">01</subfield>
  </datafield>
  <datafield tag="952" ind1=" " ind2=" ">
    <subfield code="0">0</subfield>
    <subfield code="1">0</subfield>
    <subfield code="2">ddc</subfield>
    <subfield code="4">0</subfield>
    <subfield code="7">0</subfield>
    <subfield code="a">14</subfield>
    <subfield code="b">14</subfield>
    <subfield code="d">2017-06-23</subfield>
    <subfield code="e">31</subfield>
    <subfield code="g">315.00</subfield>
    <subfield code="l">0</subfield>
    <subfield code="p">14-B-1915</subfield>
    <subfield code="r">2017-06-23</subfield>
    <subfield code="w">2017-06-23</subfield>
    <subfield code="y">01</subfield>
  </datafield>
  <datafield tag="952" ind1=" " ind2=" ">
    <subfield code="0">0</subfield>
    <subfield code="1">0</subfield>
    <subfield code="2">ddc</subfield>
    <subfield code="4">0</subfield>
    <subfield code="7">0</subfield>
    <subfield code="a">14</subfield>
    <subfield code="b">14</subfield>
    <subfield code="d">2017-06-23</subfield>
    <subfield code="e">31</subfield>
    <subfield code="g">315.00</subfield>
    <subfield code="l">0</subfield>
    <subfield code="p">14-B-1916</subfield>
    <subfield code="r">2017-06-23</subfield>
    <subfield code="w">2017-06-23</subfield>
    <subfield code="y">01</subfield>
  </datafield>
  <datafield tag="952" ind1=" " ind2=" ">
    <subfield code="0">0</subfield>
    <subfield code="1">0</subfield>
    <subfield code="2">ddc</subfield>
    <subfield code="4">0</subfield>
    <subfield code="7">0</subfield>
    <subfield code="a">14</subfield>
    <subfield code="b">14</subfield>
    <subfield code="d">2017-06-23</subfield>
    <subfield code="e">31</subfield>
    <subfield code="g">315.00</subfield>
    <subfield code="l">0</subfield>
    <subfield code="p">14-B-1917</subfield>
    <subfield code="r">2017-06-23</subfield>
    <subfield code="w">2017-06-23</subfield>
    <subfield code="y">01</subfield>
  </datafield>
</record>
